Statistics for True or False? Superheroes

Click here to take the quiz!

General Stats

  • This quiz has been taken 2,510 times
  • The average score is 11 of 12

Answer Stats

QuestionTrue or False% Correct
Spiderman is from the Marvel UniverseTrue
100%
Luke Cage is PowermanTrue
98%
DC created SupermanFalse
97%
Thor is a demi-godFalse
96%
Superman the movie was released in 1976False
96%
Stan Lee created WolverineFalse
95%
Chris Evans was the human torch before he became Captain AmericaTrue
95%
Bruce Wayne is BatmanTrue
95%
Iron man is made out of adamantiumFalse
94%
Disney owns MarvelTrue
94%
The original colour of The Hulk was greyTrue
94%
Dr Doom first apperance was Fantastic Four #1False
92%

Score Distribution

Percentile by Number Answered

Percent of People with Each Score

Your Score History

You have not taken this quiz